00249 a2200097 4500020001800000100001700018245004900035250000800084260004400092650001500136 a9789390595297 aNalini, P.R. aPrinciples Of Psychology For Graduate Nurses a1st bJaypee Brothers Medical Publisherc2021 aPSYCHOLOGY